Industria Legal

Detalles Bibliográficos
Formato: eBook
Lenguaje:español
Publicado: Quito: Industria Legal, 2021 -
Materias:
Acceso en línea:Acceso restringido

MARC

LEADER 00000nam a22000007a 4500
005 2021090804174.0
007 cr|||| |||
008 210908c20219999ec n|w s|||| 0|||b1spa d
035 |a 35022 
040 |a vLex 
090 |c 12322  |d 12322 
245 0 0 |a Industria Legal  |h [Recurso electrn̤ico] / 
256 |a Servicio en ln̕ea 
260 |a Quito:  |b Industria Legal,  |c 2021 - 
300 |a 1 recurso electrn̤ico 
310 |a Irregular 
362 |a Nð 1 (Jun. 2021) - 
506 1 |a Disponible solo en los productos indicados  |d vLex Global  |d vLex Global (Academic Edition, excluding Law Schools)  |d vLex Global (U.S. Academic Edition, Law Schools)  |d vLex Global (U.S. Academic Edition, excluding Law Schools)  |d vLex Global (Academic Edition, Law Schools) 
650 0 4 |a Derecho Pb︢lico y Administrativo  |z Ecuador 
740 0 |a vLex Revistas (Servicio en ln̕ea) 
856 4 0 |u https://app.vlex.com/#/sources/35022  |z Acceso restringido 
942 |c REV 
999 0 |a Public and Administrative Law